000 01115cam a22003137a 4500
999 _c234083
_d234083
001 12485209
003 Nust
005 20170313131902.0
008 001124s2000 ii 000 0 eng
010 _a 00403545
020 _a9780141002453
025 _aI-E-00-403545; 27
035 _a(DLC) 00403545
037 _bLibrary of Congress -- New Delhi Field Office
_cRs495.00
040 _aDLC
_cDLC
042 _alcode
050 0 0 _aMLCM 2001/02987 (P)
_aPR9499.3.N3
082 _a823.912
_bMAR
100 1 _aNarayan, R. K.,
_d1906-2001.
245 1 0 _aMemories of Malgudi /
_cR.K. Narayan ; edited with an introduction by S. Krishnan.
260 _aNew Delhi ;
_aNew York, NY :
_bViking,
_c2000.
300 _axv, 779 p. ;
_c23 cm.
500 _aNovels.
505 0 _aThe dark room -- The English teacher -- Waiting for the Mahatma -- The guide -- The world of Nagaraj.
650 0 _aMalgudi (India : Imaginary place)
_xFiction.
700 1 _aKrishnan, S.,
_d1925-
906 _a7
_bcbc
_corigode
_d5
_encip
_f20
_gy-gencatlg
942 _2ddc
_cBK